000 00572cam a22002053a 4500
001 35249
003 PGUSA
005 20140828083747.0
008 110212s2011||||xxu|||||s|||||000 | eng d
040 _aPGUSA
_beng
042 _adc
100 1 _aShiukichi, Shigemi,
_d1865-1928
245 1 2 _aA Japanese Boy
_h[electronic resource] /
_cShigemi Shiukichi
260 _bProject Gutenberg,
_c2011
506 _aPublic domain in the USA.
516 _aElectronic text
830 0 _aProject Gutenberg
_v35249
856 4 0 _uhttp://www.gutenberg.org/ebooks/35249
942 _cEB
999 _c264504
_d264504